Statistics for Random Flag of Europe to Map

Click here to take the quiz!

General Stats

  • This quiz has been taken 292 times
  • The average score is 17 of 20

Answers on the Map

Answers color-coded by a green-red scale on the quiz's map according to % correct below.
 

Answer Stats

Answer% Correct
100%
94%
94%
94%
93%
93%
92%
91%
91%
91%
90%
90%
90%
89%
88%
87%
86%
85%
84%
84%
83%
83%
83%
83%
83%
82%
81%
81%
81%
79%
79%
79%
77%
77%
74%
74%
74%
73%
72%
71%
71%
70%
68%
68%
67%

Score Distribution

Percentile by Number Answered

Percent of People with Each Score

Your Score History

You have not taken this quiz